000 00662nam a2200169Ia 4500
008 090123s9999 xx 000 0 und d
082 _b33658
100 _aजायस्वाल जयनारायण
245 _aनिर्दोष मॉलिश चिकित्सा
250 _a3
260 _bगोपाल ग्रंथ गृह
600 _aजायस्वाल जयनारायण
630 _aनिर्दोष मॉलिश चिकित्सा
700 _aजायस्वाल जयनारायण
730 _aनिर्दोष मॉलिश चिकित्सा
942 _cBOOK
999 _c71717
_d71717